[Event "Pan American-ch U20"]
[Site "San Salvador"]
[Date "2015.07.21"]
[Round "9"]
[White "Hernandez, Diego"]
[Black "Mendez, Alan Steven"]
[Result "0-1"]
[WhiteElo "1950"]
[BlackElo "1744"]
[PlyCount "92"]
[EventDate "2015.07.16"]
[EventType "swiss"]
[EventRounds "9"]
[EventCountry "ESA"]
[SourceTitle "EXT 2016"]
[Source "ChessBase"]
[SourceDate "2015.10.08"]
[SourceVersion "1"]
[SourceVersionDate "2015.10.08"]
[SourceQuality "1"]

1. e4 c5 2. Nf3 d6 3. d4 cxd4 4. Nxd4 Nf6 5. Nc3 a6 6. Be3 e5 7. Nb3 Be6 8. f3 Be7 9. Qd2 0-0 10. 0-0-0 Nbd7 11. g4 b5 12. g5 b4 13. gxf6 bxc3 14. Qxc3 Nxf6 15. Na5 Rc8 16. Nc6 Qc7 17. Nxe7+ Qxe7 18. Qa5 Rc6 19. Rg1 Rfc8 20. Bd3 Qb7 21. f4 Bc4 22. Kb1 Bxd3 23. cxd3 Rc2 24. b3 Nxe4 25. fxe5 g6 26. Bd4 Nc5 27. exd6 Qd5 28. Kxc2 Nxb3+ 29. Qc7 Nxd4+ 30. Kd2 Rxc7 31. dxc7 Qa5+ 32. Ke3 Nf5+ 33. Ke4 Qxc7 34. d4 Qe7+ 35. Kd3 Qa3+ 36. Ke4 Qe3+ 37. Kd5 Qe6+ 38. Kc5 Qd6+ 39. Kc4 Ne3+ 40. Kd3 Nxd1 41. Rxd1 Qxh2 42. d5 Qxa2 43. d6 Qd5+ 44. Kc2 Qc6+ 45. Kb3 Qf3+ 46. Kc2 Qxd1+ 0-1

[Event "Pan American-ch U20"]
[Site "San Salvador"]
[Date "2015.07.18"]
[Round "5"]
[White "Valencia, Oscar"]
[Black "Hernandez, Diego"]
[Result "0-1"]
[WhiteElo "1728"]
[BlackElo "1950"]
[PlyCount "68"]
[EventDate "2015.07.16"]
[EventType "swiss"]
[EventRounds "9"]
[EventCountry "ESA"]
[SourceTitle "EXT 2016"]
[Source "ChessBase"]
[SourceDate "2015.10.08"]
[SourceVersion "1"]
[SourceVersionDate "2015.10.08"]
[SourceQuality "1"]

1. d4 g6 2. c4 Bg7 3. Nc3 c5 4. d5 d6 5. e4 Bxc3+ 6. bxc3 f5 7. Bd3 fxe4 8. Bxe4 Nf6 9. Bd3 Nbd7 10. Nf3 Qa5 11. Qc2 Nb6 12. 0-0 Bg4 13. Ng5 Qa4 14. Qb3 Bf5 15. Bxf5 gxf5 16. Rb1 Rb8 17. Qxa4+ Nxa4 18. Ne6 Rg8 19. Nc7+ Kd7 20. Nb5 a6 21. Na3 Nxc3 22. Rb2 b5 23. Be3 bxc4 24. Rxb8 Rxb8 25. Nxc4 Nfxd5 26. Re1 Nxe3 27. Nxe3 e6 28. h3 Rb1 29. Rxb1 Nxb1 30. g4 fxg4 31. hxg4 Nc3 32. a3 d5 33. f4 Ne2+ 34. Kf2 Nxf4 0-1